01219nam a2200193Ia 4500001001000000003001000010008004100020040002500061041001300086100001200099245010200111250001100213260009100224300002700315500027000342501011400612520027000726650002900996L232-6821IT-CnALBA170116s9999||||xx |||||||||||||| ||und|| aIT-CnALBAcIT-CnALBA aITALIANO aPERRIER 0aIL DIVINO AMICO DEGLI UOMINI OSSIA IL CUORE DI GESÙ STUDIATO NEL VANGELO. MESE AL SACRO CUORE.  a1a ed. aTORINObSALESIANA EDITRICE TIP. E LIBR.c1908 [1° Ed.:1908 - Ed.Ling.Originale: 1908] a164 p. (prefazione: 3) aTRADUZIONE DI UNA SUORA ORSOLINA. MESE AL SACRO CUORE. INVITO. AMORE DI GESÙ PER GLI UOMINI. MISTERI DEL CUORE DI GESÙ BAMBINO. A NAZARETH. PREDICAZIONE DEL VANGELO. FESTA DEL SACRO CUORE. GESÙ E GLI APOSTOLI. I MIRACOLI DI GESÙ. GESÙ E LE MADRI. LA PREGH aSocietà San Paolo EM - Piazza San Paolo, 14 - 12051 ALBA (CN) (non commercial uses only) ® Copyright 2017 aTRADUZIONE DI UNA SUORA ORSOLINA. MESE AL SACRO CUORE. INVITO. AMORE DI GESÙ PER GLI UOMINI. MISTERI DEL CUORE DI GESÙ BAMBINO. A NAZARETH. PREDICAZIONE DEL VANGELO. FESTA DEL SACRO CUORE. GESÙ E GLI APOSTOLI. I MIRACOLI DI GESÙ. GESÙ E LE MADRI. LA PREGH aVITA E MISTERO DI CRISTO